[Event "CYCC U18"]
[Site "Calgary CAN"]
[Date "2023.07.19"]
[Round "2.9"]
[White "Yang, Henry"]
[Black "Diep, Jarret"]
[Result "1-0"]
[WhiteElo "1818"]
[BlackElo "1395"]
[PlyCount "95"]
[EventDate "2023.07.19"]
[EventType "swiss"]
[EventRounds "5"]
[EventCountry "CAN"]

1. d4 Nf6 2. c4 e6 3. Nf3 b6 4. g3 Ba6 5. Qc2 c5 6. Bg2 Bb7 7. O-O Be7 8. Nc3
cxd4 9. Nxd4 Bxg2 10. Kxg2 O-O 11. Rd1 d6 12. b3 Qc7 13. Bb2 a6 14. Rd2 Nbd7
15. Rad1 Nc5 16. Kg1 Rfd8 17. e4 Rac8 18. f3 h5 19. Nde2 Ncd7 20. Qb1 Ne5 21.
Kg2 Qc5 22. Nd4 Ng6 23. Na4 Qg5 24. Nxb6 Rc7 25. Kh1 h4 26. Rg2 d5 27. exd5
exd5 28. Nf5 h3 29. Re2 Bf8 30. Bxf6 gxf6 31. Nxd5 Rcd7 32. Nfe3 Kg7 33. Qf5
Bc5 34. Qxg5 fxg5 35. Nf5+ Kf8 36. Rde1 a5 37. Nf6 Re7 38. Nxe7 Nxe7 39. Nh7+
Kg7 40. Nxg5 Bb4 41. Rf1 Rh8 42. Rd1 Rh5 43. f4 f6 44. Nf3 a4 45. Rd7 axb3 46.
axb3 Kf8 47. Rb7 Ra5 48. Rxb4 1-0

[Event "CYCC U18"]
[Site "Calgary CAN"]
[Date "2023.07.19"]
[Round "2.10"]
[White "Eirew, David"]
[Black "Yoker, Callum"]
[Result "0-1"]
[WhiteElo "1336"]
[BlackElo "1652"]
[PlyCount "70"]
[EventDate "2023.07.19"]
[EventType "swiss"]
[EventRounds "5"]
[EventCountry "CAN"]

1. e4 c6 2. d4 d5 3. e5 c5 4. dxc5 e6 5. Be3 Nd7 6. Bb5 Ne7 7. c3 a6 8. Ba4 Nf5
9. Bd4 Nxd4 10. cxd4 Be7 11. f4 O-O 12. Nf3 b6 13. b4 a5 14. a3 axb4 15. axb4
b5 16. Nc3 bxa4 17. Rxa4 Rxa4 18. Nxa4 Ba6 19. Nd2 f6 20. Qb3 Qb8 21. Nc3 fxe5
22. fxe5 Bb5 23. Nf3 Qb7 24. Kf2 Bc4 25. Qb2 Nxc5 26. dxc5 Bxc5+ 27. Ke1 Bxb4
28. Kd1 Rb8 29. Nd2 Bd3 30. Ne2 Qc7 31. Nc1 Bf5 32. h3 Ba5 33. Qa3 Bc2+ 34. Ke2
Qxe5+ 35. Kf2 Bb6+ 0-1

[Event "CYCC U18"]
[Site "Calgary CAN"]
[Date "2023.07.19"]
[Round "2.11"]
[White "Scrieciu, Cristian"]
[Black "Fu, Matt"]
[Result "1/2-1/2"]
[WhiteElo "1626"]
[BlackElo "1186"]
[PlyCount "115"]
[EventDate "2023.07.19"]
[EventType "swiss"]
[EventRounds "5"]
[EventCountry "CAN"]

1. d4 d5 2. Nf3 Bf5 3. c4 Nf6 4. Bf4 e6 5. Nc3 Bd6 6. Bg5 Be7 7. Bxf6 Bxf6 8.
cxd5 exd5 9. Qb3 b6 10. Qxd5 Qxd5 11. Nxd5 Bd8 12. Nc3 O-O 13. e3 Nc6 14. a3
Re8 15. Be2 Na5 16. Nd2 Bf6 17. O-O c5 18. d5 Bxc3 19. bxc3 Rad8 20. Bf3 c4 21.
e4 Bg6 22. Rfe1 Nb3 23. Nxb3 cxb3 24. Rab1 a5 25. a4 b5 26. axb5 a4 27. Ra1 b2
28. Rxa4 Rxd5 29. Rb4 Rd2 30. Rb1 Ra8 31. h3 Ra1 32. Kh2 Rxb1 33. b6 Rd8 34. b7
Rb8 35. c4 Rc1 36. Rxb2 Rxc4 37. Ra2 Rc7 38. e5 Re7 39. Bc6 f6 40. Ra8 Rexb7
41. Bxb7 Rxa8 42. Bxa8 fxe5 43. Kg3 Kf7 44. Kg4 Kf6 45. f3 h5+ 46. Kh4 Bf7 47.
g4 g5+ 48. Kg3 h4+ 49. Kf2 Ke6 50. Bb7 Kd6 51. Ba6 Kc5 52. Ke3 Bd5 53. Bd3 Kd6
54. Be4 Bxe4 55. Kxe4 Ke6 56. Ke3 Kd6 57. Kd3 Kd5 58. Ke3 1/2-1/2

[Event "CYCC U18"]
[Site "Calgary CAN"]
[Date "2023.07.19"]
[Round "2.12"]
[White "Yim, Justin"]
[Black "Pan, Kane"]
[Result "1-0"]
[WhiteElo "967"]
[BlackElo "1574"]
[PlyCount "72"]
[EventDate "2023.07.19"]
[EventType "swiss"]
[EventRounds "5"]
[EventCountry "CAN"]

1. c4 Nf6 2. g3 e6 3. Bg2 Be7 4. Nf3 O-O 5. O-O d5 6. cxd5 exd5 7. d4 c6 8.
Nbd2 Nbd7 9. b3 Re8 10. Bb2 Nf8 11. Ne5 Bf5 12. f3 Qb6 13. e4 Bg6 14. exd5 Nxd5
15. Ndc4 Qc7 16. f4 Bf5 17. Bxd5 cxd5 18. Ne3 Be4 19. Rc1 Qa5 20. Bc3 Bb4 21.
Bxb4 Qxb4 22. Rc7 f6 23. Qh5 Re7 24. Rxe7 Qxe7 25. Nf3 g6 26. Qh3 Bxf3 27. Rxf3
Qe4 28. Qf1 Qxd4 29. Qb5 Rd8 30. Qxb7 Ne6 31. Qe7 Qe4 32. Kf2 d4 33. Ng4 Rf8
34. Nxf6+ Rxf6 35. Qxf6 d3 36. Re3 Qb4 1-0

[Event "CYCC U18"]
[Site "Calgary CAN"]
[Date "2023.07.20"]
[Round "3.1"]
[White "Han, Johnathan"]
[Black "Issani, Nameer"]
[Result "0-1"]
[WhiteElo "2404"]
[BlackElo "2242"]
[PlyCount "146"]
[EventDate "2023.07.19"]
[EventType "swiss"]
[EventRounds "5"]
[EventCountry "CAN"]

1. e4 e5 2. Nf3 Nc6 3. Bb5 a6 4. Ba4 Nf6 5. O-O b5 6. Bb3 Be7 7. Re1 d6 8. c3
O-O 9. h3 Nb8 10. d4 Nbd7 11. Nbd2 c5 12. Nf1 Re8 13. Ng3 Bf8 14. Ng5 c4 15.
Bc2 h6 16. Nf3 g6 17. b3 cxb3 18. axb3 Qc7 19. Bd2 Bg7 20. d5 Nc5 21. Qe2 Rf8
22. c4 bxc4 23. Ba5 Qa7 24. Qxc4 Bd7 25. b4 Bb5 26. Qc3 Ncd7 27. Qd2 Rfc8 28.
Bd3 Qb7 29. Rac1 Nb6 30. Qe2 Na4 31. Qd2 h5 32. Rc2 Rxc2 33. Bxc2 Nb2 34. Bb3
Nd3 35. Rd1 Rc8 36. Ne1 Nf4 37. Nf3 Bh6 38. Qb2 Qa7 39. Nxe5 dxe5 40. Qxe5 h4
41. Nf5 gxf5 42. Qxf6 Bg7 43. Qxf5 Ne2+ 44. Kh1 Bd7 45. Qf3 Nd4 46. Qe3 Qb8 47.
Ba2 Rc2 48. Bb1 Re2 49. Qg5 Rxf2 50. Qxh4 Rb2 51. Bd3 Ne2 52. Bxe2 Rxe2 53. d6
Qe8 54. Bb6 Qxe4 55. Qg3 Qg6 56. Qf3 Rc2 57. Bc5 a5 58. Rg1 axb4 59. Qb7 Rxc5
60. Qxd7 Rd5 61. Qe8+ Bf8 62. d7 Qd6 63. Rf1 Qxd7 64. Qe4 Rd1 65. Qf3 Rxf1+ 66.
Qxf1 Qd4 67. Qe1 Bd6 68. Qc1 Qf4 69. Qc8+ Kg7 70. Kg1 Qd4+ 71. Kf1 b3 72. h4 b2
73. Qc2 Bg3 0-1

[Event "CYCC U18"]
[Site "Calgary CAN"]
[Date "2023.07.20"]
[Round "3.3"]
[White "Doknjas, Neil"]
[Black "Chandra, Anand Rishi"]
[Result "1/2-1/2"]
[WhiteElo "2297"]
[BlackElo "2199"]
[PlyCount "127"]
[EventDate "2023.07.19"]
[EventType "swiss"]
[EventRounds "5"]
[EventCountry "CAN"]

1. e4 e5 2. Nc3 Bc5 3. g3 Nc6 4. Na4 Be7 5. Bg2 d6 6. Ne2 f5 7. d3 Nf6 8. Nac3
O-O 9. O-O Qe8 10. f4 Qh5 11. Nd5 Bd8 12. fxe5 dxe5 13. exf5 Bxf5 14. Ne3 Be6
15. Nc3 Qxd1 16. Rxd1 Be7 17. Re1 Rad8 18. Ne4 Nd4 19. Ng5 Bc8 20. c3 Ne6 21.
Nc4 Ng4 22. Nxe6 Bxe6 23. Be4 Bxc4 24. dxc4 Bc5+ 25. Kh1 Rf2 26. Bg2 Rdf8 27.
b4 Rxg2 28. Kxg2 Rf2+ 29. Kh3 h5 30. Kh4 Be7+ 31. Kxh5 Nxh2 32. Rxe5 Bf6 33.
Rc5 Kh7 34. Bg5 b6 35. Rd5 g6+ 36. Kh4 Nf3+ 37. Kg4 Nxg5 38. Rxg5 Bxg5 39. Kxg5
Rf3 40. g4 Rxc3 41. Rd1 Rxc4 42. Rd7+ Kg8 43. b5 Kf8 44. a3 Kg8 45. Re7 Kf8 46.
Re6 Rc5+ 47. Kxg6 Rxb5 48. Rc6 Rc5 49. Rf6+ Kg8 50. g5 Rd5 51. Rf3 Rd6+ 52. Kh5
Kg7 53. Re3 Rd7 54. Re6 c5 55. Rg6+ Kh7 56. Rh6+ Kg7 57. Rg6+ Kh7 58. Rc6 Kg7
59. a4 Kh7 60. a5 bxa5 61. Rxc5 Kg7 62. Rxa5 Re7 63. Ra6 Rd7 64. Ra5 1/2-1/2

[Event "CYCC U18"]
[Site "Calgary CAN"]
[Date "2023.07.20"]
[Round "3.4"]
[White "Kapra, Jerjis"]
[Black "Wang, Jerry"]
[Result "1/2-1/2"]
[WhiteElo "2198"]
[BlackElo "2122"]
[PlyCount "35"]
[EventDate "2023.07.19"]
[EventType "swiss"]
[EventRounds "5"]
[EventCountry "CAN"]

1. e4 e5 2. Nf3 Nc6 3. d4 exd4 4. Bc4 Be7 5. Nxd4 d6 6. Nc3 Nf6 7. O-O O-O 8.
h3 Kh8 9. Be3 Ne8 10. Nd5 Ne5 11. Be2 c6 12. Nxe7 Qxe7 13. c4 Ng6 14. Qc2 Nf6
15. Bd3 Ne5 16. Be2 Ng6 17. Bd3 Ne5 18. Be2 1/2-1/2

[Event "CYCC U18"]
[Site "Calgary CAN"]
[Date "2023.07.20"]
[Round "3.5"]
[White "Jacobs, Michael"]
[Black "Yang, Henry"]
[Result "1/2-1/2"]
[WhiteElo "2026"]
[BlackElo "1818"]
[PlyCount "54"]
[EventDate "2023.07.19"]
[EventType "swiss"]
[EventRounds "5"]
[EventCountry "CAN"]

1. e4 e5 2. Nf3 Nc6 3. d4 exd4 4. Bc4 Bc5 5. Ng5 Nh6 6. Nxf7 Nxf7 7. Bxf7+ Kxf7
8. Qh5+ g6 9. Qxc5 d5 10. c3 dxe4 11. O-O Qd6 12. Qg5 h6 13. Qf4+ Kg7 14. cxd4
Nxd4 15. Nc3 Bf5 16. Qxd6 cxd6 17. Bf4 Rad8 18. Rad1 Nc6 19. Nb5 d5 20. Nd6 d4
21. Nxb7 Rd7 22. Rc1 Rxb7 23. Rxc6 Rd8 24. b3 Rd5 25. Rd1 Kh7 26. f3 exf3 27.
gxf3 Re7 1/2-1/2

[Event "CYCC U18"]
[Site "Calgary CAN"]
[Date "2023.07.20"]
[Round "3.6"]
[White "Yoker, Callum"]
[Black "Hoekman, Samuel"]
[Result "1/2-1/2"]
[WhiteElo "1652"]
[BlackElo "2005"]
[PlyCount "41"]
[EventDate "2023.07.19"]
[EventType "swiss"]
[EventRounds "5"]
[EventCountry "CAN"]

1. d4 e6 2. e4 d5 3. exd5 exd5 4. Bd3 c5 5. dxc5 Bxc5 6. Nf3 Nf6 7. O-O O-O 8.
h3 Qd6 9. Bg5 h6 10. Bxf6 Qxf6 11. c3 Nc6 12. Nbd2 Be6 13. Nb3 Bb6 14. Bc2 Rac8
15. Qd2 Rfd8 16. Nfd4 Nxd4 17. Nxd4 Bxd4 18. cxd4 Rc4 19. Rad1 Rdc8 20. Bb3
R4c7 21. Qe3 1/2-1/2

[Event "CYCC U18"]
[Site "Calgary CAN"]
[Date "2023.07.20"]
[Round "3.7"]
[White "Qiu, Peter Yong"]
[Black "Yuan, Justin"]
[Result "1/2-1/2"]
[WhiteElo "1887"]
[BlackElo "1519"]
[PlyCount "35"]
[EventDate "2023.07.19"]
[EventType "swiss"]
[EventRounds "5"]
[EventCountry "CAN"]

1. e4 c6 2. d4 d5 3. f3 e6 4. Nc3 Bb4 5. a3 Bxc3+ 6. bxc3 dxe4 7. Bf4 Nf6 8.
fxe4 Nxe4 9. Bxb8 Rxb8 10. Qg4 Nxc3 11. Qg3 Qa5 12. Qxb8 Ne4+ 13. Ke2 Qd2+ 14.
Kf3 Ng5+ 15. Kg3 Ne4+ 16. Kf3 Ng5+ 17. Kg3 Ne4+ 18. Kf3 1/2-1/2

[Event "CYCC U18"]
[Site "Calgary CAN"]
[Date "2023.07.20"]
[Round "3.8"]
[White "Yim, Justin"]
[Black "Xu, Philip"]
[Result "0-1"]
[WhiteElo "967"]
[BlackElo "1878"]
[PlyCount "72"]
[EventDate "2023.07.19"]
[EventType "swiss"]
[EventRounds "5"]
[EventCountry "CAN"]

1. c4 Nf6 2. g3 e5 3. Bg2 d5 4. cxd5 Nxd5 5. Nc3 Nb6 6. Nf3 Nc6 7. d3 Be7 8.
O-O O-O 9. a3 Be6 10. Rb1 f6 11. Qc2 Qc8 12. e4 Rd8 13. Ne1 Nd4 14. Qd2 c5 15.
Nc2 c4 16. Qe3 Nxc2 17. Qd2 cxd3 18. f4 Nc4 19. Qd1 N4e3 20. Bxe3 Nxe3 21. Qd2
Nxf1 22. Rxf1 exf4 23. Rxf4 Bc5+ 24. Kh1 Bd4 25. Bf1 Qc5 26. Nd1 Qc2 27. Qxd3
Qxd3 28. Bxd3 Be5 29. Rf3 Bg4 30. Be2 Bxf3+ 31. Bxf3 Rd2 32. b4 Rad8 33. Kg1
Rxd1+ 34. Bxd1 Rxd1+ 35. Kf2 Kf7 36. Ke2 Ra1 0-1

[Event "CYCC U18"]
[Site "Calgary CAN"]
[Date "2023.07.20"]
[Round "3.11"]
[White "Pan, Kane"]
[Black "Scrieciu, Cristian"]
[Result "1/2-1/2"]
[WhiteElo "1574"]
[BlackElo "1626"]
[PlyCount "65"]
[EventDate "2023.07.19"]
[EventType "swiss"]
[EventRounds "5"]
[EventCountry "CAN"]

1. d4 d5 2. c4 e6 3. Nf3 a6 4. g3 dxc4 5. Bg2 b5 6. Ne5 c6 7. Nxc6 Qc7 8. Ne5
Bb7 9. e4 Nf6 10. Qc2 Bd6 11. Bf4 Nh5 12. Qe2 Nxf4 13. gxf4 g6 14. Qg4 Nd7 15.
Nxd7 Qxd7 16. Nc3 Bb4 17. a3 Ba5 18. Rd1 b4 19. axb4 Bxb4 20. O-O Rd8 21. d5
exd5 22. Qxd7+ Rxd7 23. Nxd5 Bxd5 24. Rxd5 Rxd5 25. exd5 Ke7 26. Rc1 Rc8 27.
Bf1 Bd2 28. Rxc4 Rxc4 29. Bxc4 a5 30. f5 gxf5 31. Kf1 Bb4 32. Ke2 Kf6 33. f4
1/2-1/2

[Event "CYCC U18"]
[Site "Calgary CAN"]
[Date "2023.07.20"]
[Round "3.12"]
[White "Fu, Matt"]
[Black "Tremblay, Xavier"]
[Result "1/2-1/2"]
[WhiteElo "1186"]
[BlackElo "1495"]
[PlyCount "67"]
[EventDate "2023.07.19"]
[EventType "swiss"]
[EventRounds "5"]
[EventCountry "CAN"]

1. d4 Nf6 2. Bf4 g6 3. Nf3 Bg7 4. e3 d6 5. Bd3 Nbd7 6. c3 O-O 7. Nbd2 Re8 8. e4
e5 9. dxe5 Nxe5 10. Qc2 Nxd3+ 11. Qxd3 Bg4 12. h3 Bxf3 13. Nxf3 Rxe4+ 14. Be3
Bh6 15. O-O-O Bxe3+ 16. fxe3 Qe7 17. Rhe1 Re8 18. Kd2 Ra4 19. a3 Ne4+ 20. Ke2
Nc5 21. Qd2 Re4 22. Kf2 Re6 23. Qe2 Ne4+ 24. Kg1 Ng3 25. Qf2 Nf5 26. e4 Rxe4
27. Qxa7 Nh4 28. Rxe4 Qxe4 29. Nxh4 Qxh4 30. Qxb7 Re2 31. Rf1 Qg5 32. Qf3 Qe7
33. Rf2 Re1+ 34. Rf1 1/2-1/2

[Event "CYCC U18"]
[Site "Calgary CAN"]
[Date "2023.07.20"]
[Round "3.13"]
[White "Guo, Roger"]
[Black "Eirew, David"]
[Result "0-1"]
[WhiteElo "1413"]
[BlackElo "1336"]
[PlyCount "62"]
[EventDate "2023.07.19"]
[EventType "swiss"]
[EventRounds "5"]
[EventCountry "CAN"]

1. d4 d5 2. c4 e6 3. Nf3 Nf6 4. g3 c6 5. Bg2 Nbd7 6. O-O Be7 7. Qc2 O-O 8. Bf4
b6 9. cxd5 cxd5 10. Qc6 Ba6 11. Nc3 Rc8 12. Qa4 Bc4 13. Qxa7 b5 14. b3 e5 15.
dxe5 Bc5 16. Qb7 Rc7 17. Qxc7 Qxc7 18. exf6 Qa5 19. fxg7 Re8 20. bxc4 Qxc3 21.
cxb5 Rxe2 22. a4 Rxf2 23. Kh1 Qb2 24. Bh3 Rxf3 25. Rfb1 Qc2 26. Rc1 Qb2 27.
Rcb1 Qc2 28. Rc1 Qe2 29. Re1 Qd3 30. Bxd7 Rf1+ 31. Kg2 Qf3+ 0-1

[Event "CYCC U18"]
[Site "Calgary CAN"]
[Date "2023.07.20"]
[Round "4.2"]
[White "Chandra, Anand Rishi"]
[Black "Kapra, Jerjis"]
[Result "1/2-1/2"]
[WhiteElo "2199"]
[BlackElo "2198"]
[PlyCount "117"]
[EventDate "2023.07.19"]
[EventType "swiss"]
[EventRounds "5"]
[EventCountry "CAN"]

1. e4 e5 2. Nf3 Nc6 3. Bc4 Nf6 4. d3 Bc5 5. c3 d6 6. O-O a6 7. Bb3 Ba7 8. Nbd2
h6 9. Re1 g5 10. Nc4 g4 11. Nfd2 h5 12. Nf1 h4 13. Nce3 Rg8 14. d4 exd4 15. Nf5
dxc3 16. Bf4 cxb2 17. Rb1 Be6 18. Rxb2 Nh5 19. Be3 Qf6 20. Rb1 h3 21. Bd5 hxg2
22. Bxc6+ bxc6 23. Bxa7 gxf1=Q+ 24. Kxf1 Bxf5 25. Bd4 Qh4 26. exf5+ Kd7 27. Be5
Qh3+ 28. Kg1 Qf3 29. Qc2 Nf4 30. Bxf4 Qxf4 31. Re4 Qh6 32. Rc1 d5 33. Re6 Qxc1+
34. Qxc1 fxe6 35. fxe6+ Kd6 36. e7 Rae8 37. Qa3+ Kd7 38. Qxa6 Rxe7 39. a4 Re4
40. a5 Rb8 41. Qd3 Rb5 42. f3 gxf3 43. Qxf3 Rxa5 44. Qf5+ Kd8 45. Qf6+ Kd7 46.
Qf5+ Re6 47. h4 Ra1+ 48. Kg2 Rae1 49. h5 R1e5 50. Qf7+ Re7 51. Qg6 R5e6 52. Qf5
Kd8 53. h6 Re2+ 54. Kg1 Re1+ 55. Kg2 R1e2+ 56. Kg1 R2e5 57. Qg6 R5e6 58. Qf5
Kd7 59. Kg2 1/2-1/2

[Event "CYCC U18"]
[Site "Calgary CAN"]
[Date "2023.07.20"]
[Round "4.3"]
[White "Han, Johnathan"]
[Black "Doknjas, Neil"]
[Result "0-1"]
[WhiteElo "2404"]
[BlackElo "2297"]
[PlyCount "130"]
[EventDate "2023.07.19"]
[EventType "swiss"]
[EventRounds "5"]
[EventCountry "CAN"]

1. e4 c6 2. d4 d5 3. Nd2 dxe4 4. Nxe4 Nf6 5. Nxf6+ exf6 6. c3 Bd6 7. Bd3 O-O 8.
Ne2 Re8 9. Qc2 h5 10. Be3 Nd7 11. O-O-O Nf8 12. Kb1 h4 13. c4 Bg4 14. Rd2 Qc7
15. Nc3 Bf4 16. Bxf4 Qxf4 17. g3 Qh6 18. Rc1 Ne6 19. d5 Nc5 20. f4 hxg3 21.
hxg3 Qh3 22. Ka1 Qxg3 23. Be2 Bh3 24. Bf1 Bxf1 25. Rxf1 a5 26. Rg2 Re1+ 27.
Rxe1 Qxe1+ 28. Qb1 Re8 29. Rg1 Qd2 30. Qc1 Qxc1+ 31. Rxc1 Nd3 32. Rf1 Re1+ 33.
Rxe1 Nxe1 34. Ne4 Ng2 35. dxc6 bxc6 36. a4 Nxf4 37. b4 Nd3 38. b5 Ne5 39. b6
Nd7 40. c5 f5 41. Nd6 f4 42. b7 f3 43. Ne4 f5 44. Ng3 f2 45. Kb2 f4 46. Nf1 g5
47. Kc3 g4 48. Kd2 g3 49. Ke2 g2 50. Kxf2 gxf1=Q+ 51. Kxf1 Kf7 52. Kf2 Kf6 53.
Kf3 Kf5 54. Kf2 Ke4 55. Ke2 f3+ 56. Kf2 Kf4 57. Kf1 Ke3 58. Ke1 f2+ 59. Kf1 Nb8
60. Kg2 Ke2 61. Kg3 f1=Q 62. Kg4 Qf6 63. Kg3 Qg5+ 64. Kh2 Kf2 65. Kh1 Qh6# 0-1

[Event "CYCC U18"]
[Site "Calgary CAN"]
[Date "2023.07.20"]
[Round "4.5"]
[White "Jacobs, Michael"]
[Black "Gao, Raymond"]
[Result "0-1"]
[WhiteElo "2026"]
[BlackElo "2222"]
[PlyCount "64"]
[EventDate "2023.07.19"]
[EventType "swiss"]
[EventRounds "5"]
[EventCountry "CAN"]

1. e4 c5 2. Nf3 d6 3. d4 cxd4 4. Nxd4 Nf6 5. Nc3 a6 6. Be3 e5 7. Nb3 Be6 8. f3
Be7 9. Qd2 Nbd7 10. O-O-O h5 11. h4 b5 12. Kb1 Qc7 13. Be2 Nb6 14. Bxb6 Qxb6
15. Nd5 Bxd5 16. exd5 b4 17. Qd3 O-O 18. g4 a5 19. Rdg1 a4 20. Nc1 a3 21. gxh5
axb2 22. Kxb2 Ra3 23. Qd2 Nxh5 24. Rg4 Nf4 25. Bc4 Bf6 26. Bb3 Rc8 27. Kb1 Rc3
28. Ne2 Qf2 29. Re1 Re3 30. Qxb4 Nxe2 31. Rxe2 Rxe2 32. Qxa3 Re1+ 0-1

[Event "CYCC U18"]
[Site "Calgary CAN"]
[Date "2023.07.20"]
[Round "4.6"]
[White "Wang, Jerry"]
[Black "Yoker, Callum"]
[Result "1-0"]
[WhiteElo "2122"]
[BlackElo "1652"]
[PlyCount "76"]
[EventDate "2023.07.19"]
[EventType "swiss"]
[EventRounds "5"]
[EventCountry "CAN"]

1. c4 e6 2. g3 d5 3. cxd5 exd5 4. Bg2 Nf6 5. Nf3 Be7 6. O-O O-O 7. d4 h6 8. Qc2
Re8 9. Nc3 c6 10. e3 Nbd7 11. Bd2 Nb6 12. Rad1 Nc4 13. Bc1 Nd6 14. Ne5 Bf5 15.
Qe2 Qc8 16. f3 Bh3 17. e4 Bxg2 18. Kxg2 Bf8 19. Qd3 c5 20. Nxd5 Nxd5 21. exd5
c4 22. Qc2 b5 23. Rfe1 a5 24. Bf4 g5 25. Bc1 Qf5 26. Qxf5 Nxf5 27. Nc6 Bg7 28.
Re4 Nd6 29. Rxe8+ Rxe8 30. Kf2 Nf5 31. g4 Ne7 32. Re1 Kf8 33. Rxe7 Rxe7 34.
Nxe7 Bxd4+ 35. Be3 Bxe3+ 36. Kxe3 Kxe7 37. Kd4 Kd6 38. a4 c3 1-0

[Event "CYCC U18"]
[Site "Calgary CAN"]
[Date "2023.07.20"]
[Round "4.8"]
[White "Yang, Henry"]
[Black "Qiu, Peter Yong"]
[Result "0-1"]
[WhiteElo "1818"]
[BlackElo "1887"]
[PlyCount "86"]
[EventDate "2023.07.19"]
[EventType "swiss"]
[EventRounds "5"]
[EventCountry "CAN"]

1. d4 f5 2. c4 g6 3. Nf3 Bg7 4. g3 Nf6 5. Bg2 O-O 6. O-O d6 7. Nc3 Nc6 8. d5
Ne5 9. Nxe5 dxe5 10. f4 e4 11. Be3 Ng4 12. Bd4 e5 13. fxe5 Nxe5 14. Kh1 b6 15.
b3 Bb7 16. a4 c6 17. dxc6 Bxc6 18. Ra2 Ng4 19. Bxg7 Qxd1 20. Nxd1 Kxg7 21. h3
Ne5 22. Nc3 Rad8 23. a5 Rd6 24. axb6 axb6 25. Kg1 Ra8 26. Rxa8 Bxa8 27. Ra1 Bb7
28. Kf1 Nc6 29. Nd5 Na5 30. Rd1 Bxd5 31. Rxd5 Rxd5 32. cxd5 Nxb3 33. Ke1 Kf6
34. Kd1 Ke5 35. d6 Kxd6 36. e3 Nc5 37. Kc2 Nd3 38. Kc3 Kc5 39. g4 b5 40. gxf5
gxf5 41. h4 b4+ 42. Kb3 Ne5 43. Bh3 Ng4 0-1

[Event "CYCC U18"]
[Site "Calgary CAN"]
[Date "2023.07.20"]
[Round "4.9"]
[White "Yuan, Justin"]
[Black "Qiu, Andrew Yu"]
[Result "0-1"]
[WhiteElo "1519"]
[BlackElo "1867"]
[PlyCount "94"]
[EventDate "2023.07.19"]
[EventType "swiss"]
[EventRounds "5"]
[EventCountry "CAN"]

1. d4 Nf6 2. c4 e6 3. Nc3 Bb4 4. Bg5 b6 5. f3 h6 6. Bd2 O-O 7. e3 Bb7 8. Bd3 d5
9. Nge2 Nbd7 10. cxd5 exd5 11. O-O Re8 12. Ng3 Bd6 13. Nf5 Bf8 14. Rc1 g6 15.
Ng3 c5 16. Nce2 h5 17. Qe1 Bh6 18. f4 Rc8 19. h3 a6 20. f5 Bxe3+ 21. Bxe3 Rxe3
22. Qd2 Qe8 23. fxg6 fxg6 24. Bxg6 Rxe2 25. Qxe2 Qxg6 26. Qe6+ Kh7 27. Qe7+ Kh8
28. Qe3 Rg8 29. Kf2 cxd4 30. Qf4 Qxg3+ 31. Qxg3 Ne4+ 32. Kg1 Rxg3 33. Rc7 Ndc5
34. Rf8+ Rg8 35. Rff7 Ng5 36. Rf1 Rg7 37. Rxg7 Kxg7 38. Rd1 Nce6 39. Kf2 a5 40.
h4 Ne4+ 41. Kf3 Kf6 42. b4 axb4 43. Rg1 d3 44. Ke3 d2 45. g3 Ke5 46. Kd3 Ba6+
47. Kc2 Be2 0-1

[Event "CYCC U18"]
[Site "Calgary CAN"]
[Date "2023.07.20"]
[Round "4.10"]
[White "Harms, Reece"]
[Black "Fu, Matt"]
[Result "1/2-1/2"]
[WhiteElo "1826"]
[BlackElo "1186"]
[PlyCount "58"]
[EventDate "2023.07.19"]
[EventType "swiss"]
[EventRounds "5"]
[EventCountry "CAN"]

1. e4 e5 2. Nf3 Nc6 3. Bc4 Bc5 4. c3 Nf6 5. d3 h6 6. b4 Be7 7. b5 Na5 8. Nxe5
Nxc4 9. Nxc4 d5 10. Ncd2 dxe4 11. dxe4 Qd7 12. a4 b6 13. Ba3 O-O 14. O-O Rd8
15. Bxe7 Qxe7 16. Qc2 a6 17. c4 Re8 18. Nc3 Bb7 19. f3 axb5 20. axb5 Rxa1 21.
Rxa1 Ra8 22. Rxa8+ Bxa8 23. Qd3 Nh5 24. Nd5 Bxd5 25. Qxd5 Nf4 26. Qa8+ Kh7 27.
Qc8 Qc5+ 28. Kf1 Qe3 29. Qf5+ Kg8 1/2-1/2

[Event "CYCC U18"]
[Site "Calgary CAN"]
[Date "2023.07.20"]
[Round "4.11"]
[White "Scrieciu, Cristian"]
[Black "Yim, Justin"]
[Result "0-1"]
[WhiteElo "1626"]
[BlackElo "967"]
[PlyCount "64"]
[EventDate "2023.07.19"]
[EventType "swiss"]
[EventRounds "5"]
[EventCountry "CAN"]

1. d4 d5 2. Nf3 e6 3. Bf4 c5 4. e3 Nf6 5. Nbd2 cxd4 6. exd4 Nc6 7. c3 Bd6 8.
Bg3 Bxg3 9. hxg3 Qc7 10. Bb5 a6 11. Bxc6+ bxc6 12. Ne5 Nd7 13. Ndf3 f6 14. Ng6
Rg8 15. Rxh7 Nf8 16. Nxf8 Rxf8 17. Nh4 Qf7 18. Qg4 Rg8 19. Kf1 e5 20. Qg6 Qxg6
21. Nxg6 Bf5 22. Rh8 Rxh8 23. Nxh8 Ke7 24. g4 Rxh8 25. Kg1 Bxg4 26. f3 Bf5 27.
dxe5 fxe5 28. Kf2 d4 29. cxd4 exd4 30. Rc1 Kd6 31. Rc4 Kd5 32. Ra4 Re8 0-1

[Event "CYCC U18"]
[Site "Calgary CAN"]
[Date "2023.07.20"]
[Round "4.13"]
[White "Tremblay, Xavier"]
[Black "Pan, Kane"]
[Result "1/2-1/2"]
[WhiteElo "1495"]
[BlackElo "1574"]
[PlyCount "74"]
[EventDate "2023.07.19"]
[EventType "swiss"]
[EventRounds "5"]
[EventCountry "CAN"]

1. d4 Nf6 2. c4 e6 3. Nc3 Bb4 4. Qb3 Bxc3+ 5. Qxc3 d5 6. Bg5 c6 7. e3 O-O 8.
Bd3 h6 9. Bf4 dxc4 10. Bxc4 Nd5 11. Bxd5 cxd5 12. Nf3 Nd7 13. O-O Nf6 14. Rac1
Bd7 15. Qa3 Bc6 16. Ne5 Qb6 17. Rc2 Nh5 18. Bg3 Nxg3 19. hxg3 Rfc8 20. Rfc1 Rc7
21. Qc5 Qxc5 22. Rxc5 Rac8 23. b4 f6 24. Ng6 Kf7 25. Nf4 b6 26. R5c2 a6 27. e4
g5 28. exd5 gxf4 29. Rxc6 Rxc6 30. dxc6 fxg3 31. fxg3 Ke7 32. a4 b5 33. axb5
axb5 34. Rc5 Kd6 35. Rxb5 Rxc6 36. Rh5 Rc4 37. Rxh6 Rxb4 1/2-1/2

[Event "CYCC U18"]
[Site "Calgary CAN"]
[Date "2023.07.20"]
[Round "4.14"]
[White "Guo, Roger"]
[Black "Diep, Jarret"]
[Result "1-0"]
[WhiteElo "1413"]
[BlackElo "1395"]
[PlyCount "87"]
[EventDate "2023.07.19"]
[EventType "swiss"]
[EventRounds "5"]
[EventCountry "CAN"]

1. e4 c5 2. Nf3 e6 3. Nc3 Nc6 4. d4 cxd4 5. Nxd4 Qc7 6. Bb5 a6 7. Ba4 Nf6 8.
Bg5 Be7 9. Qd2 b5 10. Bb3 b4 11. Ncb5 axb5 12. Bxf6 Bxf6 13. Nxb5 Qb8 14. Nd6+
Kf8 15. f4 Be7 16. Nc4 Na5 17. Ne5 Nxb3 18. cxb3 Qd6 19. Qc1 Qc5 20. Qd2 Qd6
21. Qe3 Bf6 22. Nf3 Bxb2 23. Rd1 Qc7 24. O-O Qa7 25. Nd4 Bxd4 26. Rxd4 d6 27.
e5 d5 28. Kh1 Bd7 29. Qd2 Rb8 30. Rxb4 Rxb4 31. Qxb4+ Kg8 32. Qe7 h6 33. f5 Qa6
34. Rc1 Bc8 35. f6 Bb7 36. fxg7 Kxg7 37. Qf6+ Kg8 38. Rc3 Qa8 39. Rg3+ Kf8 40.
Qxh8+ Ke7 41. Qf6+ Kf8 42. Qxh6+ Ke7 43. Qf6+ Kf8 44. Rh3 1-0

[Event "CYCC U18"]
[Site "Calgary CAN"]
[Date "2023.07.21"]
[Round "5.2"]
[White "Issani, Nameer"]
[Black "Chandra, Anand Rishi"]
[Result "0-1"]
[WhiteElo "2242"]
[BlackElo "2199"]
[PlyCount "105"]
[EventDate "2023.07.19"]
[EventType "swiss"]
[EventRounds "5"]
[EventCountry "CAN"]

1. d4 d5 2. c4 e6 3. Nc3 Nf6 4. cxd5 exd5 5. Bg5 c6 6. e3 Be7 7. Bd3 O-O 8.
Nge2 Nbd7 9. O-O Re8 10. Qc2 Nf8 11. f3 Be6 12. e4 dxe4 13. fxe4 Ng4 14. Bxe7
Qxe7 15. Qd2 c5 16. d5 Bd7 17. Rae1 a6 18. h3 Ne5 19. Bb1 Nc4 20. Qc1 b5 21.
Nd1 Rac8 22. Nf4 Qe5 23. Kh1 Ng6 24. Nd3 Qd4 25. Nc3 Nge5 26. Rd1 Qe3 27. Qc2
Nd6 28. Nxe5 Rxe5 29. Rd3 Qh6 30. Qf2 f6 31. Rg3 Kh8 32. a3 a5 33. b4 axb4 34.
axb4 cxb4 35. Qb6 f5 36. Qd4 Nc4 37. Ne2 Rce8 38. Bd3 Qf6 39. Bb1 Qb6 40. Qa1
Nd2 41. Rf4 Nxb1 42. Qxb1 Rxe4 43. Rxe4 Rxe4 44. Qb2 Qf6 45. Qa2 h6 46. Rd3 Qe5
47. Ng1 Re1 48. Qf2 Kh7 49. d6 b3 50. Rxb3 Rd1 51. Rb4 Qxd6 52. Rf4 b4 53. Qc2
0-1